| 000 | 00433nam a2200181Ia 4500 | ||
|---|---|---|---|
| 001 | 9730 | ||
| 005 | 20260306161739.0 | ||
| 008 | 260306t2017||||xx |||||||||||||| ||spa|| | ||
| 041 | _aESP | ||
| 082 |
_a410 _bE76 |
||
| 100 |
_aEscandell Vidal, M. Victoria _eAUT |
||
| 245 | 0 | _aClaves del lenguaje humano | |
| 260 | _c2017 | ||
| 300 |
_axvii, 430 páginas : _c24 cm. |
||
| 650 | _aGEN | ||
| 654 | _aCED | ||
| 942 |
_cLIB _dJUS _fJUS _2ddc _n |
||
| 999 |
_c9730 _d9730 |
||